Prieskum o využívaní informačných a komunikačných technológií v podnikoch 2015

Enregistré dans:
Détails bibliographiques
Format: Livre
Langue:slovaque
anglais
Publié: Bratislava Štatistický úrad Slovenskej republiky 2015
Collection:Podnikové štatistiky
Sujets:
Tags: Ajouter un tag
Pas de tags, Soyez le premier à ajouter un tag!

MARC

LEADER 00000nlm$a2200000$$$4500
001 0234504
005 20240827082944.4
020 |a 978-80-8121-395-3 
041 0 |a slo 
041 0 |a eng 
044 |a SK 
245 1 0 |a Prieskum o využívaní informačných a komunikačných technológií v podnikoch 2015 
264 1 |a Bratislava  |b Štatistický úrad Slovenskej republiky  |c 2015 
300 |a 83 s. 
490 1 |a Podnikové štatistiky 
830 0 |a Podnikové štatistiky 
500 |a Zdroj dokumentu: Štatistický úrad SR 
610 2 0 |a technológie informačné 
610 2 0 |a technológie komunikačné 
610 2 0 |a podnik 
610 2 0 |a internet 
610 2 0 |a cloud computing 
610 2 0 |a obchod elektronický 
610 2 0 |a bezpečnosť elektronická